00321nam a2200121Ia 4500008004100000041000800041082001600049100001400065245004400079260003300123300003200156365001100188240624s9999 xx 000 0 und d aeng a338.949 MRU aMRUDULA E aCHINA TRADING EMPIRE OF THE NEW CENTURY c2005aHyderabadbICFAI press aviii, : 185 : p. : cm. ; 23 cRSb50